World Cup Group Stage Goalscorers 2002 - Statistics

General Stats
  • This quiz has been taken 15 times
  • The average score is 37 of 130
Answer Stats
Group Nation Score Player % Correct
C Brazil 1-0 | 1-1 | 2-0 | 4-0 Ronaldo
100%
C Brazil 2-0 | 2-1 | 4-2 Rivaldo
73%
C Brazil 3-0 Ronaldinho
73%
E Cameroon 1-0 Samuel Eto'o
73%
A Uruguay 3-2 Diego Forlan
64%
B Spain 1-0 | 3-2 Raul
64%
E Ireland 1-0 | 1-1 Robbie Keane
64%
F England 1-0 David Beckham
55%
H Japan 2-0 Hidetoshi Nakata
55%
D USA 3-1 Landon Donovan
55%
E Germany 1-0 | 2-0 | 5-0 Miroslav Klose
55%
A Senegal 1-0 | 2-0 | 3-0 Papa Bouba Diop
55%
G Italy 1-1 Alessandro Del Piero
45%
G Italy 1-0 | 2-0 Christian Vieri
45%
G Italy 1-0 Christian Vieri
45%
F Argentina 1-0 Gabriel Batistuta
45%
E Germany 3-0 Michael Ballack
45%
D South Korea 1-0 Park Ji-sung
45%
C Brazil 1-0 Roberto Carlos
45%
D South Korea 1-1 Ahn Jung-hwan
36%
B Spain (OG) 1-0 Carles Puyol
36%
C Brazil 3-0 Edmilson
36%
B Spain 3-1 Fernando Hierro
36%
B Spain 1-1 | 2-1 Fernando Morientes
36%
C Turkey 1-0 Hasan Sas
36%
A Denmark 1-0 | 2-0 | 2-1 Jon Dahl Tomasson
36%
D Portugal 1-0 | 2-0 | 3-0 Pauleta
36%
B Paraguay 1-0 Roque Santa Cruz
36%
D Portugal 4-0 Rui Costa
36%
A Uruguay 3-3 Alvaro Recoba
27%
G Mexico 1-0 Cuauhtemoc Blanco
27%
F Sweden 1-1 | 2-1 Henrik Larsson
27%
F Argentina 1-1 Hernan Crespo
27%
B Spain 2-0 Juan Valeron
27%
H Japan 1-0 | 2-1 Junichi Inamoto
27%
B Paraguay 1-1 | 3-1 Nelson Cuevas
27%
A Uruguay 1-1 Octavio Rodriguez
27%
E Germany 7-0 Oliver Bierhoff
27%
C Costa Rica 3-1 Paulo Wanchope
27%
C Costa Rica 1-0 | 3-2 Ronald Gomez
27%
D USA 3-0 Brian McBride
18%
E Ireland 3-0 Damien Duff
18%
D Poland 1-0 Emmanuel Olisadebe
18%
D Portugal (OG) 2-0 Jorge Costa
18%
A Senegal 1-0 Khalilou Fadiga
18%
E Germany 1-0 Marco Bode
18%
H Belgium 1-0 | 3-1 Marc Wilmots
18%
B South Africa 2-2 Quinton Fortune
18%
A Senegal 1-1 Salif Diao
18%
F England 1-0 Sol Campbell
18%
G Ecuador 1-0 Agustin Delgado
9%
F Sweden 1-0 Anders Svensson
9%
B South Africa 1-1 Benni McCarthy
9%
E Germany 8-0 Bernd Schneider
9%
E Germany 4-0 Carsten Jancker
9%
A Denmark 1-0 Dennis Rommedahl
9%
B Paraguay 2-0 Francisco Arce
9%
B Spain 2-1 Gaizka Mendieta
9%
E Ireland 2-0 Gary Breen
9%
G Mexico 2-1 Gerardo Torrado
9%
E Cameroon 1-0 Henri M'Boma
9%
H Japan 1-0 Hiroaki Morishima
9%
G Croatia 1-1 Ivica Olic
9%
G Mexico 1-0 | 1-1 Jared Borgetti
9%
D USA (OG) 3-2 Jeffrey Agoos
9%
F Sweden 1-1 Jens Alexandersson
9%
B Paraguay 2-1 Jorge Campos
9%
C Brazil 5-2 Junior
9%
D Poland 3-0 Marcin Zewlakow
9%
E Ireland 1-1 Matthew Holland
9%
G Croatia 2-1 Milan Rapaic
9%
D Poland 2-0 Pawel Kryszalowicz
9%
A Uruguay 3-1 Richard Morales
9%
H Japan 1-1 Takayuki Suzuki
9%
B South Africa 2-1 Teboho Mokoena
9%
C Turkey 3-0 Umit Aydin Davala
9%
H Russia 2-0 Valery Karpin
9%
H Belgium 2-1 Wesley Sonck
9%
C Costa Rica 2-0 Wilber Wright
9%
D Portugal 3-1 Beto
0%
C Turkey 2-0 Bulent Korkmaz
0%
D USA 1-0 Clint Mathis
0%
H Russia 3-2 Dmitri Sychev
0%
G Ecuador 1-0 Edison Mendez
0%
C Turkey 1-0 Emre Belozoglu
0%
D South Korea 1-0 Hwang Sun-hong
0%
H Belgium 1-0 Johan Walem
0%
D USA 1-0 Jonathan O'Brien
0%
F Nigeria 1-0 Julius Aghahowa
0%
B South Africa 2-2 Lucas Radebe
0%
B Slovenia 1-0 Milenko Acimovic
0%
H Belgium 2-2 Peter Van der Heyden
0%
H Tunisia 1-1 Raouf Bouzaiene
0%
B Slovenia 2-1 Sebastjan Cimirotic
0%
B South Africa 1-0 Siyabonga Nomvethe
0%
E Germany 6-0 Thomas Linke
0%
H Russia 1-1 Vladimir Beschastnykh
0%
C Costa Rica 1-1 Winston Parks
0%
H Russia 1-0 Yegor Titov
0%
D South Korea 2-0 Yoo Sang-chul
0%
No matching quizzes found
Score Distribution
Percent of People with Each Score
Percentile by Number Answered
Your Score History
You have not taken this quiz